000 00474nam a2200181Ia 4500
005 20250326140631.0
008 250326s9999 xx 000 0 und d
037 _aTextbook
040 _aFMSL
_beng
_cFMSL
041 _aeng
_2eng
084 _aX:5r P0
_qFMSL
100 _aWorld Bank
245 0 _aTrade blocks
_cWorld Bank
260 _aNew York
_bNew York, Oxford University
_c2000
300 _a144p
942 _cTB
_hX:5r P0
999 _c1286649
_d1286649